Cómo reconocer el arte Barroco / (Registro nro. 12766)
[ vista simple ]
| 000 -LIDER | |
|---|---|
| fixed length control field | 00800nam a22002537a 4500 |
| 001 - NÚMERO DE CONTROL | |
| Identificador de número de control | 2506 |
| 003 - IDENTIFICACDOR DE NÚMERO DE CONTROL | |
| control field | DO-SdBNP |
| 005 - DATE AND TIME OF LATEST TRANSACTION | |
| control field | 20221118115823.0 |
| 008 - ELEMENTOS DE LONGITUD FIJA | |
| fixed length control field | 171107b1980 sp a ||| 00| 0 spa d |
| 020 ## - ISBN | |
| International Standard Book Number | 8485298438 |
| 040 ## - FUENTE DE CATALOGACIÓN | |
| Agencia que crea de manera original el registro | BPMSU |
| Idioma de catalogación | SPA |
| Agencia que realiza la transcripción | BPMSU |
| 082 ## - NÚMERO DE CLASIFICACIÓN DECIMAL DE DEWEY | |
| Classification number | 709.033 |
| Item number | C762c 1980 |
| Edition number | 22 |
| 100 1# - ASIENTO PRINCIPAL -- NOMBRE PERSONAL | |
| Nombre personal | Conti, Flavio |
| 245 10 - MENCIÓN DE TITULO | |
| Título | Cómo reconocer el arte Barroco / |
| Mención de responsabilidad | Flavio Conti ; edición española por José Milicua ; traducción Elena de Grau Aznar. |
| 260 ## - PUBLICACIÓN, DISTRIBUCIÓN, ETC. (PIE DE IMPRENTA) | |
| Lugar de publicación, distribución, etc | Barcelona : |
| Nombre del editor, distribuidor, etc. | Médica y Técnica, |
| Fecha de publicación, distribución, etc | 1980. |
| 300 ## - DESCRIPCIÓN FÍSICA | |
| Extensión | 63 p. : |
| Otros detalles físicos | il. ; |
| Dimensiones | 20 cm. |
| 490 0# - MENCIÓN DE SERIES | |
| Mención de serie | Como reconocer el arte |
| Volume/sequential designation | 6 |
| 650 #4 - ENCABEZAMIENTO DE MATERIA--TEMÁTICO | |
| Término temático o nombre geográfico como elemento de entrada | Arte barroco |
| 700 12 - ASIENTO SECUNDARIO -- NOMBRE PERSONAL | |
| Nombre personal | Milicua, José, |
| Mención de responsabilidad | ed. |
| 700 12 - ASIENTO SECUNDARIO -- NOMBRE PERSONAL | |
| Nombre personal | Grau Aznar, Elena de, |
| Mención de responsabilidad | tr. |
| 830 #0 - ASIENTO SECUNDARIO DE SERIE--TÍTULO UNIFORME | |
| Título uniforme | Como reconocer el arte |
| Volume number/sequential designation | 6 |
| 910 ## - VALIDACIÓN | |
| Validación | LOPEREZ/VMateo V./Validado |
| 942 ## - ADDED ENTRY ELEMENTS (KOHA) | |
| Source of classification or shelving scheme | Dewey Decimal Classification |
| Koha item type | Libros |
| Withdrawn status | Lost status | Source of classification or shelving scheme | Damaged status | Not for loan | Collection code | Home library | Current library | Date acquired | Source of acquisition | Full call number | Barcode | Date last seen | Copy number | Price effective from | Koha item type |
|---|---|---|---|---|---|---|---|---|---|---|---|---|---|---|---|
| Dewey Decimal Classification | Colección General | Biblioteca Pública Metropolitana Salomé Ureña | Biblioteca Pública Metropolitana Salomé Ureña | 11/07/2017 | Donado por FUNDI | BPMSU CG 709.033 C762c 1980 | BPMSU17110050 | 11/07/2017 | 11/07/2017 | Libros |